| 000 | 00594nam a2200205 i 4500 | ||
|---|---|---|---|
| 001 | bgj | ||
| 100 | 1 | _aO'CONNELL, Sue | |
| 245 | 1 | 0 |
_aFocus on First Certificate / _cSue O'Connell. |
| 250 | _a[3rd ed.]. | ||
| 260 |
_aHarlow, England : _bLongman, _c1996. |
||
| 300 |
_a271 pp : _bill., phot.(incl. colour) ; _c28 cm. |
||
| 650 | 9 |
_aEnglish language _xFirst Certificate textbooks |
|
| 650 | 9 |
_aEnglish language _xFCE textbooks |
|
| 020 | _a0175569975 (pbk) | ||
| 040 | _cBPK | ||
| 041 | 0 | _aeng | |
| 920 | _a0-175-56997-5 (pbk) | ||
| 942 | _cKS | ||
| 008 | s uk f |000 0 eng | ||
| 999 |
_c48412 _d48412 |
||